Loading...
| Current Events | 5 | 14.00 | 100% | 20% | 20% |
| Fine Arts - Classical Music | 7 | 17.14 | 100% | 43% | 29% |
| Fine Arts - Other Fine Arts | 7 | 20.00 | 100% | 86% | 14% |
| Geography | 4 | 10.00 | 75% | 0% | 25% |
| History - American History | 7 | 18.57 | 100% | 86% | 0% |
| History - European History | 7 | 18.57 | 100% | 86% | 0% |
| History - Other History | 3 | 16.67 | 100% | 67% | 0% |
| History - World History | 8 | 21.25 | 100% | 88% | 25% |
| Literature - American Literature | 5 | 22.00 | 100% | 100% | 20% |
| Literature - British Literature | 5 | 20.00 | 100% | 100% | 0% |
| Literature - European Literature | 8 | 21.25 | 100% | 100% | 13% |
| Literature - World Literature | 7 | 17.14 | 100% | 71% | 0% |
| Mythology | 8 | 15.00 | 100% | 50% | 0% |
| Painting/Sculpture | 9 | 22.22 | 78% | 100% | 44% |
| Philosophy | 8 | 13.75 | 100% | 38% | 0% |
| Pop Culture | 1 | 30.00 | 100% | 100% | 100% |
| Religion | 6 | 13.33 | 100% | 33% | 0% |
| Science - Biology | 2 | 15.00 | 100% | 0% | 50% |
| Science - Chemistry | 6 | 11.67 | 100% | 17% | 0% |
| Science - Other Science | 6 | 18.33 | 100% | 83% | 0% |
| Science - Physics | 11 | 11.82 | 91% | 27% | 0% |
| Social Science | 6 | 13.33 | 100% | 33% | 0% |